000 002690000a22000970004500
100 1 _aCarasik, Michael
245 1 0 _aWho were the "men of Hezekiah" (Proverbs 25:1)
300 _aVol. 44, Num. 3 (Julio, 1994), Páginas 289-300
773 0 _tVetus Testamentum
942 _cANA
999 _c57952
_d57952